Bioprogressive therapy historical.... (Record no. 23617)

MARC details
000 -LEADER
fixed length control field 00335nam a22001457a 4500
003 - CONTROL NUMBER IDENTIFIER
control field SGT
082 ## - DEWEY DECIMAL CLASSIFICATION NUMBER
Classification number 617.643
Item number B21S
100 ## - MAIN ENTRY--PERSONAL NAME
Personal name Suman
245 ## - TITLE STATEMENT
Title Bioprogressive therapy historical....
260 ## - PUBLICATION, DISTRIBUTION, ETC. (IMPRINT)
Place of publication, distribution, etc Gurugram, Haryana
Name of publisher, distributor, etc SGT University
Year of Publication 2021
300 ## - PAGE DESCRIPTION
No. of Pages 180
650 ## - SUBJECT ADDED ENTRY--TOPICAL TERM
Topical term or geographic name as entry element Orthodontics
653 ## - KEYWORDS--INDEX TERM
Keyword term Orthodontics
942 ## - ADDED ENTRY ELEMENTS (KOHA)
Source of classification or shelving scheme Dewey Decimal Classification
Koha item type Thesis/Dissertation
Holdings
Withdrawn status Lost status Source of classification or shelving scheme Damaged status Use restrictions Not for loan Home library Current library Date acquired Full call number Accession No. (Barcode) Date last seen Koha item type
    Dewey Decimal Classification   Restricted Access Not For Loan SGT Dental Library SGT Dental Library 22/12/2022 617.643 B21S DT1396 22/12/2022 Thesis/Dissertation